[Event "Open Bicentenario Móstoles 1808"]
[Site "Móstoles ESP"]
[Date "2008.05.27"]
[Round "6.9"]
[White "Kovacevic, Slobodan"]
[Black "Quintero Torres, Pedro"]
[Result "*"]
[WhiteElo "2426"]
[BlackElo "2078"]
[PlyCount "21"]
[EventDate "2008.05.20"]
[EventType "swiss"]
[EventRounds "1"]
[EventCountry "ESP"]
[Source "lmi"]
[SourceDate "2008.05.20"]

1. d4 Nf6 2. Nf3 g6 3. Bg5 Ne4 4. Bf4 Bg7 5. c3 d5 6. Nbd2 Nf6 7. e3 c6 8. Be2
Nbd7 9. O-O O-O 10. a4 a5 11. b4 *

[Event "Open Bicentenario Móstoles 1808"]
[Site "Móstoles ESP"]
[Date "2008.05.27"]
[Round "6.10"]
[White "Ballesteros Gonzalez, David"]
[Black "Hernandez Navas, Francisco Javier"]
[Result "1-0"]
[WhiteElo "2303"]
[BlackElo "2037"]
[PlyCount "71"]
[EventDate "2008.05.20"]
[EventType "swiss"]
[EventRounds "1"]
[EventCountry "ESP"]
[Source "lmi"]
[SourceDate "2008.05.20"]

1. d4 d5 2. c4 e6 3. Nc3 Nf6 4. Nf3 c5 5. e3 Nc6 6. a3 cxd4 7. exd4 b6 8. cxd5
Nxd5 9. Bb5 Bd7 10. Nxd5 exd5 11. O-O Be7 12. Qb3 a6 13. Bxc6 Bxc6 14. Ne5 Bb7
15. a4 O-O 16. Bf4 a5 17. Rac1 Bd6 18. Qg3 f6 19. Nd3 Bxf4 20. Nxf4 Qd6 21.
Rfe1 Rfe8 22. h4 Re4 23. Rxe4 dxe4 24. Ne2 Qxg3 25. Nxg3 Rf8 26. Nf5 Rf7 27. d5
Rd7 28. d6 Bd5 29. Ne7+ Rxe7 30. dxe7 Kf7 31. Rc7 Ke8 32. Rc8+ Kxe7 33. Rb8 Bb3
34. Rxb6 Bxa4 35. Ra6 Bb3 36. Rxa5 1-0

[Event "Open Bicentenario Móstoles 1808"]
[Site "Móstoles ESP"]
[Date "2008.05.27"]
[Round "6.11"]
[White "Cabañas Bravo, Juan Andres"]
[Black "Estrada Martinez, Cesar"]
[Result "1-0"]
[WhiteElo "1959"]
[BlackElo "2253"]
[PlyCount "97"]
[EventDate "2008.05.20"]
[EventType "swiss"]
[EventRounds "1"]
[EventCountry "ESP"]
[Source "lmi"]
[SourceDate "2008.05.20"]

1. e4 c5 2. Nf3 d6 3. d4 Nf6 4. Nc3 cxd4 5. Nxd4 a6 6. Bg5 e6 7. f4 Be7 8. Qf3
Qc7 9. f5 Nc6 10. O-O-O Nxd4 11. Rxd4 O-O 12. Be2 Qc5 13. Rhd1 exf5 14. Bxf6
Bxf6 15. Rd5 Qb4 16. a3 Qb6 17. Rxd6 Bg5+ 18. Kb1 Qe3 19. exf5 Qxf3 20. Bxf3
Bf4 21. Rd8 Bxh2 22. g4 Rb8 23. Rxf8+ Kxf8 24. Rh1 Be5 25. Rxh7 Kg8 26. Rh1
Bxc3 27. bxc3 Bd7 28. c4 Rc8 29. Bd5 Bc6 30. Kb2 Bxd5 31. cxd5 Rc4 32. c3 Rc5
33. Rd1 Kf8 34. Kb3 Ke7 35. c4 Kd6 36. a4 b5 37. cxb5 axb5 38. a5 Rc4 39. Ra1
Kc7 40. d6+ Kxd6 41. a6 Rc8 42. a7 Ra8 43. Kb4 Kc6 44. Ra6+ Kb7 45. Kxb5 f6 46.
Re6 Rd8 47. Re7+ Ka8 48. Rxg7 Rc8 49. Rg6 1-0

[Event "Open Bicentenario Móstoles 1808"]
[Site "Móstoles ESP"]
[Date "2008.05.27"]
[Round "6.12"]
[White "Lopez Andujar Ocana, Antonio"]
[Black "Beltran de Heredia Eguiazabal, Miguel Angel"]
[Result "0-1"]
[WhiteElo "2167"]
[BlackElo "1948"]
[PlyCount "146"]
[EventDate "2008.05.20"]
[EventType "swiss"]
[EventRounds "1"]
[EventCountry "ESP"]
[Source "lmi"]
[SourceDate "2008.05.20"]

1. e4 c5 2. Nf3 a6 3. c4 Nc6 4. d4 cxd4 5. Nxd4 Qc7 6. Nc3 e6 7. Be2 Nf6 8. a3
Be7 9. O-O O-O 10. Be3 d6 11. Rc1 Nxd4 12. Bxd4 Bd7 13. f3 Rfd8 14. Qd2 b6 15.
Kh1 Be8 16. g4 Nd7 17. b4 Ne5 18. f4 Qb7 19. Be3 Ng6 20. Kg1 Rac8 21. Bd3 Bf8
22. Rf3 Rc7 23. Rh3 Be7 24. Qf2 Rb8 25. a4 Bf6 26. g5 Bxc3 27. Rxc3 e5 28. f5
Nf8 29. f6 g6 30. Rh6 Bxa4 31. Qh4 Qc8 32. Ra3 b5 33. c5 dxc5 34. bxc5 Rxc5 35.
Be2 Rc2 36. Bg4 Qd8 37. Ra1 Rb6 38. Bxb6 Qxb6+ 39. Kh1 Qe3 40. Re1 Rc1 41. Rxc1
Qxe4+ 42. Kg1 Qe3+ 43. Kg2 Qxc1 44. Qf2 Qxg5 45. Qh4 Qf4 46. Bf3 Qd2+ 47. Kh3
Qe3 48. Kg2 Bd1 49. Bxd1 Qd2+ 50. Be2 Qxe2+ 51. Qf2 Qg4+ 52. Kf1 Qc4+ 53. Kg2
Ne6 54. Rh4 Nf4+ 55. Kg3 Qe4 56. Rg4 Nh5+ 57. Kh4 Nf4 58. Qb6 Ng2+ 59. Kg3 Qe3+
60. Qxe3 Nxe3 61. Re4 Nc4 62. Kf2 a5 63. Ke2 Kf8 64. Kd3 Ke8 65. Re1 Kd7 66. h4
h5 67. Rb1 Nd6 68. Rc1 Ke6 69. Rc6 Kd5 70. Ra6 a4 71. Ra7 e4+ 72. Ke2 Ke5 73.
Ra6 Nc4 0-1

[Event "Open Bicentenario Móstoles 1808"]
[Site "Móstoles ESP"]
[Date "2008.05.27"]
[Round "6.13"]
[White "Fernandez Martinez, Jose"]
[Black "Lopez Rodriguez, Walter"]
[Result "0-1"]
[WhiteElo "1785"]
[BlackElo "2167"]
[PlyCount "63"]
[EventDate "2008.05.20"]
[EventType "swiss"]
[EventRounds "1"]
[EventCountry "ESP"]
[Source "lmi"]
[SourceDate "2008.05.20"]

1. Nf3 f5 2. c4 Nf6 3. d4 g6 4. Nc3 Bg7 5. g3 d6 6. Bg2 O-O 7. O-O c6 8. Bf4
Na6 9. Qc1 Qe8 10. Bh6 e5 11. Bxg7 Kxg7 12. e3 e4 13. Ng5 h6 14. Nh3 g5 15. a3
Be6 16. b3 d5 17. cxd5 cxd5 18. Qd1 f4 19. exf4 g4 20. f5 gxh3 21. Bxe4 Nxe4
22. Qg4+ Ng5 23. fxe6 Qxe6 24. Qxe6 Nxe6 25. Nxd5 Rad8 26. Ne3 Nxd4 27. b4 Nc7
28. Rad1 Nf3+ 29. Kh1 Ne6 30. Rxd8 Rxd8 31. Rd1 Rxd1+ 32. Nxd1 0-1

[Event "Open Bicentenario Móstoles 1808"]
[Site "Móstoles ESP"]
[Date "2008.05.27"]
[Round "6.14"]
[White "Lopez de Turiso, Jose Angel"]
[Black "Vazquez Gonzalez, Jesus"]
[Result "0-1"]
[WhiteElo "2153"]
[BlackElo "2079"]
[PlyCount "84"]
[EventDate "2008.05.20"]
[EventType "swiss"]
[EventRounds "1"]
[EventCountry "ESP"]
[Source "lmi"]
[SourceDate "2008.05.20"]

1. c4 Nf6 2. Nc3 g6 3. e4 d6 4. g3 Bg7 5. Bg2 O-O 6. Nge2 e5 7. O-O Nc6 8. f4
exf4 9. gxf4 Nh5 10. d4 Bg4 11. Be3 f5 12. e5 dxe5 13. dxe5 Qh4 14. Bf2 Qe7 15.
Qd5+ Rf7 16. Qb5 Bxe2 17. Nxe2 Nd8 18. Bc5 Qd7 19. Qxd7 Rxd7 20. Bd5+ Rf7 21.
Bxf7+ Kxf7 22. Rad1 Ke8 23. Ng3 Nxf4 24. Rxf4 Ne6 25. Rf2 Nxc5 26. b4 Ne6 27.
Re2 Rd8 28. Rxd8+ Kxd8 29. Kf2 Nf4 30. Rd2+ Ke7 31. Ne2 Bxe5 32. Nxf4 Bxf4 33.
Re2+ Kf6 34. Kf3 Be5 35. h3 g5 36. Re3 h5 37. Ra3 g4+ 38. Kg2 f4 39. hxg4 hxg4
40. Rd3 Kf5 41. Rd7 Ke4 42. Re7 f3+ 0-1

[Event "Open Bicentenario Móstoles 1808"]
[Site "Móstoles ESP"]
[Date "2008.05.27"]
[Round "6.15"]
[White "Sanchez Naranjo, Jose Manuel"]
[Black "Alvarez Escudero, Manuel"]
[Result "1-0"]
[WhiteElo "2134"]
[BlackElo "1912"]
[PlyCount "51"]
[EventDate "2008.05.20"]
[EventType "swiss"]
[EventRounds "1"]
[EventCountry "ESP"]
[Source "lmi"]
[SourceDate "2008.05.20"]

1. e4 e5 2. Nf3 Nc6 3. Bb5 d6 4. d4 exd4 5. Nxd4 Bd7 6. Be3 Nge7 7. Nc3 a6 8.
Ba4 Nxd4 9. Bxd7+ Qxd7 10. Qxd4 Nc6 11. Qd2 Be7 12. Nd5 Ne5 13. Qc3 Bd8 14. f4
c6 15. Nb6 Bxb6 16. Bxb6 Ng6 17. Qxg7 c5 18. f5 Qe7 19. fxg6 Qxe4+ 20. Kd1 Qd5+
21. Kc1 Rf8 22. Qf6 fxg6 23. Re1+ Kd7 24. Qe7+ Kc6 25. Qc7+ Kb5 26. a4+ 1-0

[Event "Open Bicentenario Móstoles 1808"]
[Site "Móstoles ESP"]
[Date "2008.05.27"]
[Round "6.16"]
[White "De la Fuente Gonzalez, Francisco"]
[Black "Fuentes Arjona, Antonio"]
[Result "1-0"]
[WhiteElo "2244"]
[BlackElo "1992"]
[PlyCount "43"]
[EventDate "2008.05.20"]
[EventType "swiss"]
[EventRounds "1"]
[EventCountry "ESP"]
[Source "lmi"]
[SourceDate "2008.05.20"]

1. c4 Nf6 2. Nc3 d5 3. cxd5 Nxd5 4. Nf3 g6 5. g3 b6 6. Bg2 Nxc3 7. bxc3 Bb7 8.
Qb3 Bd5 9. c4 Bg7 10. Bb2 Bxc4 11. Qxc4 Bxb2 12. Qb5+ Nd7 13. Qxb2 O-O 14. O-O
c5 15. Ne5 Nxe5 16. Bxa8 Nc4 17. Qc3 Nxd2 18. Rfd1 Qxa8 19. Rxd2 Rc8 20. Rd7
Qe4 21. Rad1 f6 22. Qd3 1-0

[Event "Open Bicentenario Móstoles 1808"]
[Site "Móstoles ESP"]
[Date "2008.05.27"]
[Round "6.17"]
[White "Camarero Izquierdo, Juan Carlos"]
[Black "Vega Gomez, Francisco Borja"]
[Result "0-1"]
[WhiteElo "1959"]
[BlackElo "2150"]
[PlyCount "78"]
[EventDate "2008.05.20"]
[EventType "swiss"]
[EventRounds "1"]
[EventCountry "ESP"]
[Source "lmi"]
[SourceDate "2008.05.20"]

1. e4 d5 2. e5 c5 3. Nf3 Nc6 4. Bb5 Bg4 5. h3 Bxf3 6. Qxf3 e6 7. d3 Nge7 8. Bg5
Qb6 9. Nc3 h6 10. Bxe7 Bxe7 11. Qg4 O-O 12. Bxc6 Qxb2 13. O-O bxc6 14. Ne2 Qxe5
15. Ng3 Bd6 16. Qa4 Qd4 17. Qxc6 Bxg3 18. c3 Qxc3 19. fxg3 Qxd3 20. Kh2 c4 21.
Rf3 Qd4 22. Raf1 Qb6 23. Qa4 Rab8 24. Qd1 d4 25. Rf6 Qc5 26. h4 Qe5 27. R6f4 d3
28. Re1 Qd5 29. Ree4 e5 30. Qh5 f5 31. Rxf5 Qxe4 32. Rxe5 Qb7 33. Re6 Qf7 34.
Rg6 d2 35. Qxh6 d1=Q 36. h5 Rb5 37. g4 Qd6+ 38. Kh3 Qdxg6 39. hxg6 gxh6 0-1

[Event "Open Bicentenario Móstoles 1808"]
[Site "Móstoles ESP"]
[Date "2008.05.27"]
[Round "6.18"]
[White "Fernandez Fernandez, Jose A"]
[Black "Alcaraz Amoros, Antonio"]
[Result "0-1"]
[WhiteElo "1899"]
[BlackElo "2123"]
[PlyCount "96"]
[EventDate "2008.05.20"]
[EventType "swiss"]
[EventRounds "1"]
[EventCountry "ESP"]
[Source "lmi"]
[SourceDate "2008.05.20"]

1. e4 c6 2. d4 d5 3. Nc3 g6 4. Nf3 Bg7 5. Be3 dxe4 6. Nxe4 Nd7 7. Bc4 Nb6 8.
Bb3 Nh6 9. Ng3 O-O 10. h3 Nf5 11. Nxf5 Bxf5 12. O-O Nd5 13. Bg5 h6 14. Bh4 g5
15. Bg3 e6 16. Re1 b5 17. Be5 g4 18. hxg4 Bxg4 19. Bxg7 Kxg7 20. Qe2 Qf6 21.
Qe5 Bxf3 22. gxf3 Rg8 23. Kh2 Qxe5+ 24. Rxe5 Kh7 25. c3 Nf4 26. Rg1 Rxg1 27.
Kxg1 Rg8+ 28. Kf1 h5 29. Re4 Nd5 30. Rh4 Kh6 31. Rh3 Nf4 32. Rg3 Rg5 33. Bc2 f5
34. a4 a6 35. axb5 axb5 36. Bb3 h4 37. Rg1 Kg6 38. c4 b4 39. Ba4 Rxg1+ 40. Kxg1
Ne2+ 41. Kh2 Nxd4 42. f4 c5 43. Bd1 Kf6 44. Kh3 e5 45. fxe5+ Kxe5 46. Kxh4 Ke4
47. Kg3 Kd3 48. Kf4 Kxc4 0-1

[Event "Open Bicentenario Móstoles 1808"]
[Site "Móstoles ESP"]
[Date "2008.05.27"]
[Round "6.19"]
[White "Ruiz Martin, Juan"]
[Black "Montero Garcia, Francisco Javier"]
[Result "1-0"]
[WhiteElo "2100"]
[BlackElo "1902"]
[PlyCount "73"]
[EventDate "2008.05.20"]
[EventType "swiss"]
[EventRounds "1"]
[EventCountry "ESP"]
[Source "lmi"]
[SourceDate "2008.05.20"]

1. e4 c5 2. Nf3 e6 3. d4 cxd4 4. Nxd4 Nf6 5. Nc3 Nc6 6. Ndb5 d6 7. Bf4 e5 8.
Bg5 a6 9. Na3 b5 10. Bxf6 gxf6 11. Nd5 f5 12. exf5 Bxf5 13. c3 Bg7 14. Nc2 O-O
15. Nce3 Be6 16. Qh5 f5 17. Bd3 e4 18. Bc2 Ne5 19. Nf4 Bc8 20. g4 Nf3+ 21. Ke2
Qg5 22. Qxg5 Nxg5 23. h4 fxg4 24. Bb3+ Nf7 25. Rag1 Kh8 26. Nxg4 Ne5 27. Nxe5
Bxe5 28. Ne6 Bxe6 29. Bxe6 Rae8 30. Bd5 Bg7 31. Rg4 Rf5 32. Bc6 Ref8 33. Rh2 d5
34. Rhg2 R8f7 35. Rg5 Kg8 36. Bxd5 Rxd5 37. Rxd5 1-0

[Event "Open Bicentenario Móstoles 1808"]
[Site "Móstoles ESP"]
[Date "2008.05.27"]
[Round "6.20"]
[White "Avendaño Mateos, Jose"]
[Black "Garcia Diaz, Victor Manuel"]
[Result "1-0"]
[WhiteElo "1882"]
[BlackElo "2088"]
[PlyCount "87"]
[EventDate "2008.05.20"]
[EventType "swiss"]
[EventRounds "1"]
[EventCountry "ESP"]
[Source "lmi"]
[SourceDate "2008.05.20"]

1. c4 c6 2. d4 d5 3. e3 Nf6 4. Nc3 a6 5. a4 Bf5 6. Nf3 e6 7. Be2 Nbd7 8. O-O
Bd6 9. Nd2 Qc7 10. f4 h6 11. c5 Be7 12. Nf3 a5 13. Ne5 Nxe5 14. fxe5 Nd7 15.
Bg4 Bg6 16. Bh5 Bf5 17. e4 dxe4 18. g4 Bg6 19. Bxg6 fxg6 20. Nxe4 Nf8 21. Qd3
Qd7 22. Bd2 Qd5 23. Rae1 h5 24. Nd6+ Bxd6 25. exd6 hxg4 26. Re5 Qa2 27. Rxf8+
Kxf8 28. Bc3 Rh5 29. Rxh5 gxh5 30. Qh7 Qxa4 31. Qh8+ Kf7 32. Qxa8 Qd1+ 33. Kf2
Qf3+ 34. Ke1 Qe3+ 35. Kd1 Qd3+ 36. Kc1 Qf1+ 37. Kc2 Qe2+ 38. Kb3 Qb5+ 39. Ka3
a4 40. Qxa4 Qxa4+ 41. Kxa4 h4 42. Be1 g3 43. Bxg3 hxg3 44. hxg3 1-0

[Event "Open Bicentenario Móstoles 1808"]
[Site "Móstoles ESP"]
[Date "2008.05.27"]
[Round "6.21"]
[White "Aguado Garcia, Pablo"]
[Black "Moreno Alberti, Manuel"]
[Result "1-0"]
[WhiteElo "1798"]
[BlackElo "2069"]
[PlyCount "77"]
[EventDate "2008.05.20"]
[EventType "swiss"]
[EventRounds "1"]
[EventCountry "ESP"]
[Source "lmi"]
[SourceDate "2008.05.20"]

1. e4 c5 2. c3 d5 3. exd5 Qxd5 4. d4 e5 5. dxe5 Qxe5+ 6. Qe2 Nc6 7. Nf3 Qe6 8.
Na3 a6 9. Nc4 Qxe2+ 10. Bxe2 Be6 11. Bf4 Rd8 12. Ng5 Bc8 13. Rd1 f6 14. Ne4 Nh6
15. Bxh6 gxh6 16. Nxf6+ Kf7 17. Rxd8 Nxd8 18. Ne4 Be6 19. Ne5+ Kg7 20. a4 Be7
21. O-O Nf7 22. Nxf7 Bxf7 23. Rd1 Be6 24. a5 Rb8 25. Rd2 b5 26. axb6 Rxb6 27.
f4 a5 28. Kf2 Bf5 29. Bf3 h5 30. Ng3 Bg6 31. Bxh5 Bb1 32. Bg4 Bf8 33. Bf5 Ba2
34. Ne4 Bc4 35. Rd7+ Kh8 36. Rxh7+ Kg8 37. Ra7 Rxb2+ 38. Kg3 Ra2 39. Nf6+ 1-0

[Event "Open Bicentenario Móstoles 1808"]
[Site "Móstoles ESP"]
[Date "2008.05.27"]
[Round "6.24"]
[White "Martos De La Vega, Alvaro"]
[Black "Arauz Alonso, Fernando"]
[Result "0-1"]
[WhiteElo "1858"]
[BlackElo "2051"]
[PlyCount "120"]
[EventDate "2008.05.20"]
[EventType "swiss"]
[EventRounds "1"]
[EventCountry "ESP"]
[Source "lmi"]
[SourceDate "2008.05.20"]

1. d4 Nf6 2. c4 g6 3. Nc3 Bg7 4. e4 d6 5. Nf3 O-O 6. Be2 e5 7. O-O Nc6 8. d5
Ne7 9. b4 Ne8 10. a4 f5 11. Ba3 fxe4 12. Nxe4 Bf5 13. Bd3 Nf6 14. Re1 Kh8 15.
Bc1 c6 16. Nxf6 Bxf6 17. Bh6 Re8 18. Ng5 Qc7 19. Ne4 Bxe4 20. Bxe4 Rac8 21. Rc1
c5 22. bxc5 Qxc5 23. Be3 Qa5 24. c5 Red8 25. Rb1 dxc5 26. Rxb7 Nxd5 27. Bd2 Qa6
28. Rf7 Nc3 29. Qc2 Nxe4 30. Rxe4 Qd6 31. Be1 Rd7 32. Rxd7 Qxd7 33. Rc4 Qd5 34.
f3 Be7 35. Bf2 Rb8 36. Bxc5 Bxc5+ 37. Rxc5 Qd4+ 38. Kf1 Qa1+ 39. Qc1 Rb1 40.
Rc8+ Kg7 41. Rc7+ Kf6 42. Rc6+ Ke7 43. Rc7+ Kd6 44. Rc6+ Kd5 45. Rc5+ Kd4 46.
Rc4+ Kd3 47. Rc3+ Qxc3 48. Qxb1+ Ke3 49. Qe4+ Kd2 50. Qe1+ Kc2 51. Qe4+ Qd3+
52. Qxd3+ Kxd3 53. a5 Kc4 54. Ke2 Kb5 55. a6 Kxa6 56. Kd3 Kb5 57. Kc3 g5 58. g3
Kc5 59. h4 h6 60. h5 a5 0-1

[Event "Open Bicentenario Móstoles 1808"]
[Site "Móstoles ESP"]
[Date "2008.05.27"]
[Round "6.25"]
[White "Argumanez Avendaño, Juan Antonio"]
[Black "Sanchez Alvarez, Jorge"]
[Result "0-1"]
[WhiteElo "1774"]
[BlackElo "2038"]
[PlyCount "57"]
[EventDate "2008.05.20"]
[EventType "swiss"]
[EventRounds "1"]
[EventCountry "ESP"]
[Source "lmi"]
[SourceDate "2008.05.20"]

1. e4 e5 2. Nf3 Nf6 3. Nxe5 d6 4. Nf3 Nxe4 5. Be2 d5 6. d4 Bd6 7. c4 c6 8. Nc3
O-O 9. O-O Bf5 10. cxd5 Nxc3 11. bxc3 cxd5 12. Bg5 Qc7 13. Qd2 Nd7 14. Bh4 Rac8
15. Bg3 Bxg3 16. fxg3 Bg6 17. Rfc1 Nb6 18. Ne5 Be4 19. a4 f6 20. Nf3 Nc4 21.
Bxc4 Qxc4 22. Qb2 Bxf3 23. gxf3 b6 24. Qb5 Rfe8 25. Rc2 Rc6 26. f4 a6 27. Qb2
Rce6 28. Rf1 Re1 29. Rc1 0-1

[Event "Open Bicentenario Móstoles 1808"]
[Site "Móstoles ESP"]
[Date "2008.05.27"]
[Round "6.26"]
[White "Laurentiu, Burlacu"]
[Black "Sierra Bermejo, Gregorio"]
[Result "0-1"]
[WhiteElo "2037"]
[BlackElo "1793"]
[PlyCount "56"]
[EventDate "2008.05.20"]
[EventType "swiss"]
[EventRounds "1"]
[EventCountry "ESP"]
[Source "lmi"]
[SourceDate "2008.05.20"]

1. e4 e5 2. Nf3 Nf6 3. Bc4 Nxe4 4. O-O d5 5. Bb3 Nc6 6. c3 Bg4 7. d4 exd4 8.
cxd4 Bxf3 9. Qxf3 Nxd4 10. Ba4+ c6 11. Qd3 Ne6 12. Nc3 Nf6 13. Bg5 Nxg5 14.
Rfe1+ Ne6 15. Qf5 Be7 16. Rad1 O-O 17. Ne2 Bb4 18. Rf1 Re8 19. Ng3 Nc5 20. Bc2
g6 21. Qf4 Na6 22. Rd3 Bf8 23. Rf3 Bg7 24. h4 Qb8 25. Qd2 Nc5 26. h5 gxh5 27.
Nf5 Ng4 28. Nxg7 Qh2# 0-1

[Event "Open Bicentenario Móstoles 1808"]
[Site "Móstoles ESP"]
[Date "2008.05.27"]
[Round "6.27"]
[White "Martinez Miura, Enrique"]
[Black "Lopez Heras, Arturo"]
[Result "0-1"]
[WhiteElo "1761"]
[BlackElo "2014"]
[PlyCount "52"]
[EventDate "2008.05.20"]
[EventType "swiss"]
[EventRounds "1"]
[EventCountry "ESP"]
[Source "lmi"]
[SourceDate "2008.05.20"]

1. e4 e5 2. Nf3 Nc6 3. Bb5 a6 4. Ba4 Nf6 5. O-O Be7 6. Re1 b5 7. Bb3 O-O 8. c3
d6 9. h3 Na5 10. Bc2 d5 11. exd5 e4 12. Bxe4 Nxe4 13. Rxe4 Bb7 14. d4 Bxd5 15.
Re1 Bd6 16. b3 Qf6 17. Bg5 Bxf3 18. Qd2 Qg6 19. gxf3 h6 20. f4 hxg5 21. fxg5
Qf5 22. Kg2 Rfe8 23. Rxe8+ Rxe8 24. c4 bxc4 25. b4 Nc6 26. a3 Bf4 0-1

[Event "Open Bicentenario Móstoles 1808"]
[Site "Móstoles ESP"]
[Date "2008.05.27"]
[Round "6.28"]
[White "Prieto Velasco, Rafael"]
[Black "Fernandez Garcia, Ignacio"]
[Result "1-0"]
[WhiteElo "1568"]
[BlackElo "1992"]
[PlyCount "55"]
[EventDate "2008.05.20"]
[EventType "swiss"]
[EventRounds "1"]
[EventCountry "ESP"]
[Source "lmi"]
[SourceDate "2008.05.20"]

1. d4 Nf6 2. c4 g6 3. Nc3 Bg7 4. e4 c5 5. d5 d6 6. h3 O-O 7. Nf3 Na6 8. Be3 Bd7
9. Be2 Nc7 10. a4 b6 11. O-O Qc8 12. Kh2 h6 13. Nd2 e5 14. f4 Nh7 15. fxe5
Bxe5+ 16. Bf4 Ng5 17. Bxe5 dxe5 18. Nf3 Kg7 19. Nxe5 Bxh3 20. Bg4 Qe8 21. Nc6
Bxg4 22. Qxg4 f6 23. Rae1 h5 24. Qg3 Qd7 25. e5 Kh6 26. exf6 Ne8 27. Ne5 Qh7
28. Ng4+ 1-0

[Event "Open Bicentenario Móstoles 1808"]
[Site "Móstoles ESP"]
[Date "2008.05.27"]
[Round "6.29"]
[White "Galan Aguado, Fernando"]
[Black "Perez Cristobal, Alberto"]
[Result "0-1"]
[WhiteElo "1888"]
[BlackElo "1792"]
[PlyCount "88"]
[EventDate "2008.05.20"]
[EventType "swiss"]
[EventRounds "1"]
[EventCountry "ESP"]
[Source "lmi"]
[SourceDate "2008.05.20"]

1. d4 d5 2. Nf3 Nf6 3. e3 Bg4 4. Nbd2 Ne4 5. c4 Nxd2 6. Bxd2 e6 7. cxd5 Qxd5 8.
Qa4+ c6 9. Bc4 Qd8 10. Ne5 Bf5 11. Be2 f6 12. Nd3 Qc8 13. Bb4 Bxb4+ 14. Qxb4
Bxd3 15. Bxd3 Nd7 16. a4 Nb6 17. a5 Nd5 18. Qd6 Qd7 19. Qg3 O-O 20. Qh3 g6 21.
O-O Rad8 22. Qg3 Qd6 23. f4 f5 24. h4 Qe7 25. h5 Qg7 26. Rf3 gxh5 27. Qh3 Kh8
28. Rg3 Qf7 29. Rg5 Rg8 30. Rxh5 Rg7 31. Kf2 Rdg8 32. Be2 Nf6 33. Rh4 Ne4+ 34.
Kf1 Rg3 35. Qh2 Qg7 36. Bf3 Nd2+ 37. Kf2 Nxf3 38. Rxh7+ Qxh7 39. Qxh7+ Kxh7 40.
Rh1+ Kg6 41. Kxg3 Nd2 42. Rh4 Rg7 43. Rh8 Nc4 44. Kf3 Nxb2 0-1

[Event "Open Bicentenario Móstoles 1808"]
[Site "Móstoles ESP"]
[Date "2008.05.27"]
[Round "6.30"]
[White "Cortijo Manso, Luis"]
[Black "Aguado Rodriguez, Guillermo"]
[Result "0-1"]
[WhiteElo "1701"]
[BlackElo "1860"]
[PlyCount "54"]
[EventDate "2008.05.20"]
[EventType "swiss"]
[EventRounds "1"]
[EventCountry "ESP"]
[Source "lmi"]
[SourceDate "2008.05.20"]

1. e4 e5 2. Nf3 Nc6 3. Bb5 a6 4. Ba4 Nf6 5. O-O Nxe4 6. d4 b5 7. Bb3 exd4 8.
Re1 d5 9. Nxd4 Nxd4 10. Qxd4 Be6 11. c3 c5 12. Qd1 c4 13. Bc2 Bc5 14. Be3 Bxe3
15. Rxe3 O-O 16. Nd2 Nxd2 17. Qxd2 Re8 18. Rae1 Qd7 19. a3 Rac8 20. Qd4 g6 21.
h4 f5 22. h5 Qf7 23. h6 Bd7 24. Bxf5 Rxe3 25. Rxe3 Bxf5 26. Rf3 Re8 27. g4 Re4
0-1

[Event "Open Bicentenario Móstoles 1808"]
[Site "Móstoles ESP"]
[Date "2008.05.27"]
[Round "6.31"]
[White "Martin-Consuegra Barrilero, Francisco Javier"]
[Black "Rodriguez Bachiller, Luis"]
[Result "*"]
[WhiteElo "1867"]
[BlackElo "1898"]
[PlyCount "101"]
[EventDate "2008.05.20"]
[EventType "swiss"]
[EventRounds "1"]
[EventCountry "ESP"]
[Source "lmi"]
[SourceDate "2008.05.20"]

1. d4 Nf6 2. Bg5 c5 3. Bxf6 gxf6 4. d5 Qb6 5. Qc1 f5 6. e3 Bg7 7. c3 d6 8. g3
Nd7 9. Nd2 Ne5 10. Ngf3 Nxf3+ 11. Nxf3 Bd7 12. a4 Qb3 13. Qd2 Bxa4 14. Ra3 Bxc3
15. Rxb3 Bxd2+ 16. Nxd2 Bxb3 17. Bb5+ Kd8 18. Nxb3 a6 19. Be2 a5 20. Nd2 Kc7
21. Nb1 h5 22. h4 e6 23. Nc3 Kd7 24. Bb5+ Kc7 25. b3 Kb6 26. Bc4 Rh6 27. Ke2
Kc7 28. Nb5+ Kd7 29. Rd1 e5 30. Nc3 Rf6 31. f4 e4 32. Kf2 Rh6 33. Ra1 Rhh8 34.
Na4 Kc7 35. Bb5 Rhd8 36. Be2 Rh8 37. Nb2 b6 38. Bb5 Rag8 39. Bc6 Rg6 40. Nc4
Rhg8 41. Rg1 Rf6 42. Na3 Rb8 43. Nb5+ Kd8 44. Nc3 Kc7 45. Nb5+ Kd8 46. Nc3 Kc7
47. Bb5 Ra8 48. Ra1 Rg6 49. Ba4 Rag8 50. Ne2 Rb8 51. Bb5 *

[Event "Open Bicentenario Móstoles 1808"]
[Site "Móstoles ESP"]
[Date "2008.05.27"]
[Round "6.32"]
[White "Garcia Lopez, Fernando"]
[Black "Benitez Cadenas, Luis Miguel"]
[Result "0-1"]
[WhiteElo "1798"]
[BlackElo "1791"]
[PlyCount "138"]
[EventDate "2008.05.20"]
[EventType "swiss"]
[EventRounds "1"]
[EventCountry "ESP"]
[Source "lmi"]
[SourceDate "2008.05.20"]

1. e4 e6 2. d4 d5 3. Nc3 Nf6 4. Bg5 Be7 5. e5 Nfd7 6. Bxe7 Qxe7 7. Qg4 O-O 8.
O-O-O c5 9. f4 f5 10. Qh3 cxd4 11. Rxd4 Nc6 12. Rd1 Qb4 13. g3 Nc5 14. a3 Qa5
15. Nge2 Bd7 16. Nd4 a6 17. Be2 b5 18. g4 b4 19. Nxc6 Bxc6 20. axb4 Qxb4 21.
Na2 Qxf4+ 22. Kb1 Qxe5 23. Rhe1 Rab8 24. Bb5 Qf6 25. g5 Qd8 26. Bxc6 Qb6 27.
Qa3 Qxc6 28. Re2 Ne4 29. h4 Rfc8 30. Kc1 Qb5 31. Rde1 Qb3 32. Qxb3 Rxb3 33. Kb1
Rh3 34. Nb4 a5 35. Nd3 Rxh4 36. g6 hxg6 37. Ne5 Rh6 38. Rg1 g5 39. Re3 g4 40.
Ra3 Rh2 41. c3 Rb8 42. Nd3 Rd2 43. Nf4 e5 44. Ng6 Rdxb2+ 45. Ka1 Nd2 46. Ne7+
Kf7 47. Nxf5 Rb1+ 48. Rxb1 Rxb1+ 49. Ka2 Rf1 50. Nd6+ Ke6 51. Nb5 Nc4 52. Rb3
Rf2+ 53. Ka1 g3 54. Nc7+ Kf5 55. Rb8 Ke4 56. Ne6 g2 57. Ng5+ Kd3 58. Nh3 Rf1+
59. Ka2 g1=Q 60. Nxg1 Rxg1 61. Rb5 Kxc3 62. Rxd5 e4 63. Rd7 e3 64. Re7 Rg5 65.
Kb1 Re5 66. Rxg7 e2 67. Rg1 e1=Q+ 68. Rxe1 Rxe1+ 69. Ka2 Re2+ 0-1

[Event "Open Bicentenario Móstoles 1808"]
[Site "Móstoles ESP"]
[Date "2008.05.28"]
[Round "7.2"]
[White "Sanchez, Joseph"]
[Black "Dolezal, Cristian"]
[Result "0-1"]
[WhiteElo "2507"]
[BlackElo "2436"]
[PlyCount "147"]
[EventDate "2008.05.20"]
[EventType "swiss"]
[EventRounds "1"]
[EventCountry "ESP"]
[Source "lmi"]
[SourceDate "2008.05.20"]

1. e4 e5 2. Nf3 Nc6 3. Nc3 Nf6 4. Bb5 Bb4 5. O-O O-O 6. d3 Bxc3 7. bxc3 d6 8.
Re1 h6 9. d4 Nd7 10. a4 a6 11. Bd3 b6 12. Rb1 Qf6 13. Be3 Re8 14. Bc4 Bb7 15.
Bd5 Na5 16. Bxb7 Nxb7 17. Nd2 Na5 18. Qe2 Qg6 19. Qd3 Nf6 20. f4 exf4 21. Bxf4
Re6 22. Re3 Rae8 23. Rbe1 d5 24. Rg3 Qh7 25. Be5 dxe4 26. Nxe4 Nxe4 27. Rxg7+
Qxg7 28. Bxg7 Kxg7 29. Rf1 Nd6 30. h3 Nac4 31. d5 Re3 32. Qd4+ R8e5 33. Rf4 f6
34. Rg4+ Rg5 35. h4 Rxg4 36. Qxg4+ Kf7 37. Qh5+ Ke7 38. Qxh6 Re5 39. Qh7+ Nf7
40. Qd3 Ne3 41. c4 a5 42. Qa3+ Nd6 43. c5 Ndc4 44. d6+ cxd6 45. cxd6+ Nxd6 46.
Qd3 Nec4 47. Qh7+ Nf7 48. h5 Ncd6 49. Qd3 Rxh5 50. Qe3+ Ne5 51. Qxb6 Nd7 52.
Qe3+ Re5 53. Qh3 Rc5 54. Qh7+ Kd8 55. Qd3 Kc7 56. Qa6 Nb6 57. Qe2 Rc4 58. Qf3
f5 59. Qg3 Rxa4 60. Qg7+ Kc6 61. Qc3+ Nbc4 62. Qf3+ Kc7 63. Kh2 Rb4 64. Qf2 Rb6
65. Qc5+ Kb7 66. Qd5+ Ka7 67. Qe6 Rb7 68. Qd5 a4 69. Qd4+ Ka6 70. Qd5 a3 71.
Qc6+ Ka7 72. Qc5+ Kb8 73. Qd4 a2 74. Qh8+ 0-1